[Event "Montevideo Trebejos op 11"]
[Site "Montevideo"]
[Date "2017.11.10"]
[Round "2"]
[White "Rodriguez, Sergio"]
[Black "Dominguez, Facundo"]
[Result "1/2-1/2"]
[WhiteElo "1788"]
[BlackElo "2082"]
[PlyCount "97"]
[EventDate "2017.11.08"]
[EventType "swiss"]
[EventRounds "7"]
[EventCountry "URU"]
[SourceTitle "CBM 181 Extra"]
[Source "ChessBase"]
[SourceDate "2017.12.12"]
[SourceVersion "1"]
[SourceVersionDate "2017.12.12"]
[SourceQuality "1"]

1. e4 e6 2. d4 d5 3. Nd2 Nf6 4. e5 Nfd7 5. Bd3 c5 6. c3 Nc6 7. Ne2 cxd4 8. cxd4 f6 9. exf6 Nxf6 10. 0-0 Bd6 11. Nf3 Qc7 12. Bg5 0-0 13. h3 Bd7 14. Rc1 Rae8 15. a3 Qb8 16. Qc2 h6 17. Be3 e5 18. dxe5 Nxe5 19. Nxe5 Bxe5 20. Bg6 Rc8 21. Qb3 Kh8 22. Nd4 Bf4 23. Rfe1 Bxe3 24. Qxe3 Qd6 25. Nf3 b6 26. Ne5 Be6 27. Rxc8 Rxc8 28. Bf5 Kg8 29. Nf7 Bxf7 30. Bxc8 d4 31. Qd3 Nh5 32. g3 Nf6 33. Bf5 Qd5 34. Be4 Qc5 35. Rd1 Qh5 36. Bg2 Be6 37. Qxd4 Bxh3 38. Bxh3 Qxh3 39. Qc4+ Kh7 40. Qh4 Qf5 41. Qd4 Qe6 42. Qe3 Qg4 43. Rd4 Qh5 44. Qd3+ Kg8 45. Rd8+ Kf7 46. Qc4+ Kg6 47. Qd3+ Kf7 48. Qc4+ Kg6 49. Qd3+ 1/2-1/2